darude sandstorm lyric quiz - Statistics

General Stats
  • This quiz has been taken 352 times
  • The average score is 17 of 171
Answer Stats
lyric % Correct
D
97%
n
31%
Dun
27%
dun
27%
Doo
25%
doo
25%
BOOM
9%
Dddddddd
8%
dund
8%
BEEP
7%
dundun
7%
Dundun
7%
Chcihcihfkdhfdisjfkla
5%
Chi
5%
chi
5%
nn
5%
(Unintelligible)
5%
Dadadadadada
4%
dadadadaddaddada
4%
Nnn
4%
nnn
4%
nnnnnnnn
4%
DRUM
3%
Duuuuuuuuuuuuuuuuuuuuuuun
3%
Nyu
3%
nyu
3%
chichi
2%
Ddudndundun
2%
FADE
2%
Nyunyunyu
2%
SCHEW
2%
BEEEP
1%
BOOOM
1%
chih
1%
Dadadadddudndundundudnudndundundunddunfudnundudnudnudndund
1%
Dadadddaddadaddadadadddadadada
1%
Daddaddadaddadadadadadadadadadaddadadadadadaddadadaddadadadadadadadadadadadaddadddadaddadadadd
1%
Ddadad
1%
ddadadadadaddadadadadadaadadadadadad
1%
Ddodododododoododododododododoodododododododo
1%
Dodododododododododododododododododododododododododododododododododoo
1%
Dododododododododododododododododododododododododododododoodo
1%
Dododododododoodododododododododododododo
1%
nnyu
1%
No matching quizzes found
Score Distribution
Percent of People with Each Score
Percentile by Number Answered
Your Score History
You have not taken this quiz